000 00527nam a22001817a 4500
005 20210414105016.0
008 210222b1965 ||||| |||| 00| 0 eng d
040 _cDLC
080 _a821.111
_bG-19
100 _91075
_aGardner.John
245 _aThe liquidator
_c/ by: A Fawcett Crest Book
260 _aGreenwich, Conn.
_bA Fawcett Crest Book
_c1965
300 _a158 p.:
365 _b0.5 usd
650 0 _9247
_aEnglish literature
653 _aინგლისური ლიტერატურა
942 _2udc
_cBK
999 _c1658
_d1658